| 000 | 00554nam a2200181 i 4500 | ||
|---|---|---|---|
| 001 | 52333 | ||
| 003 | ES-MaACL | ||
| 005 | 20250917063036.0 | ||
| 007 | t| | ||
| 008 | 030828s1931 sp ||||1| spa d | ||
| 100 | 1 |
_aDaudet, Alphonse, _d1840-1897 _942799 |
|
| 245 | 1 | 0 |
_aCartas desde mi molino / _cAlfonso Daudet ; versión española de E.M. del Palacio. |
| 260 |
_aMadrid : _b[Espasa-Calpe], _c1931. |
||
| 300 |
_a230 p. ; _c16 cm. |
||
| 700 | 1 |
_aPalacio, E. M. del. _988363 |
|
| 852 |
_aES-MaACL _jC-4640 _bR.25228 |
||
| 999 |
_c52333 _d52333 |
||